MARC

LEADER 00000nam0a2200000 4500
001 137935
005 20231031141230.0
010 |a 5759500880 
020 |a RU  |b 88-33058 
035 |a (RuTPU)RU\TPU\book\149471 
090 |a 137935 
100 |a 20080519d1988 m y0rusy5003 ca 
101 0 |a rus 
102 |a RU 
105 |a y z 000ay 
200 1 |a Поднебесный гром  |e Роман  |f А. С. Демченко 
210 |a Саранск  |c Мордовское кн. изд-во  |d 1988 
215 |a 223,[1] с.  |d 22 см 
225 1 |a Школа мужества 
610 1 |a Летчики-испытатели в СССР (х. л.) 
610 1 |a Авиационные заводы (х. л.) 
610 1 |a советская литература 
610 1 |a романы 
675 |a Р2  |z rus 
700 1 |a Демченко  |b А. С.  |g Александр Степанович  |4 070 
801 0 |a RU  |b RuMRKP  |c 19960705  |g psbo 
801 1 |a RU  |b 63413507  |c 20080519  |g PSBO 
801 2 |a RU  |b 63413507  |c 20080519  |g PSBO 
942 |c BK